Física Tomo I / Raymond A. Serway (Registro nro. 13008)
[ vista simple ]
| 000 -LÍDER | |
|---|---|
| fixed length control field | 00446nam a2200169 4500 |
| 008 - ELEMENTOS DE LONGITUD FIJA -- INFORMACIÓN GENERAL | |
| fixed length control field | 0 1997 0ain 000 0MEX |
| 020 ## - NÚMERO INTERNACIONAL NORMALIZADO PARA LIBROS | |
| ISBN | 970-10-1296-8 |
| 050 ## - SIGNATURA TOPOGRAFICA DE LA BIBLIOTECA DEL CONGRESO (LC) | |
| Número de Clasificación | QC23 S4718 1997 T.I |
| 082 ## - NUMERO DE CLASIFICACION DECIMAL DEWEY | |
| Número de Clasificación | 530 S767f |
| 100 ## - ASIENTO PRINCIPAL--NOMBRE PERSONAL | |
| Nombre personal | Serway, Raymond A. |
| 245 ## - TÍTULO | |
| Título | Física Tomo I / Raymond A. Serway |
| 250 ## - MENCIÓN DE EDICIÓN | |
| Mención de edición | 4 |
| 260 ## - PUBLICACIÓN, DISTRIBUCIÓN, ETC. (PIE DE IMPRENTA) | |
| Lugar de publicación, distribución, etc. | México : McGraw-Hill |
| 300 ## - DESCRIPCIÓN FÍSICA | |
| Extensión | xxix, 645 p. / 27 cm. |
| 500 ## - NOTA GENERAL | |
| Nota general | Incluye ap‚ndice |
| 650 ## - ASIENTO SECUNDARIO DE MATERIA - TERMINO TEMÁTICO | |
| Término temático o nombre geográfico como elemento de entrada | 1.FISICA |
| No. biblioteca | No. biblioteca | Número de clasificación | Código de barras/Número de adquisición | Número de copia | Tipo de material |
|---|---|---|---|---|---|
| LUIS G. INCLAN | LUIS G. INCLAN | 530 S767f | 38995 | 24 | 8 | Libros |
| LUIS G. INCLAN | LUIS G. INCLAN | 530 S767f | 38996 | 25 | 8 | Libros |
| LUIS G. INCLAN | LUIS G. INCLAN | 530 S767f | 38997 | 26 | 8 | Libros |
| LUIS G. INCLAN | LUIS G. INCLAN | 530 S767f | 42475 | 27 | 8 | Libros |
| LUIS G. INCLAN | LUIS G. INCLAN | 530 S767f | 32475 | 20 | 8 | Libros |
| LUIS G. INCLAN | LUIS G. INCLAN | 530 S767f | 32476 | 21 | 8 | Libros |
| LUIS G. INCLAN | LUIS G. INCLAN | 530 S767f | 33155 | 22 | 8 | Libros |
| LUIS G. INCLAN | LUIS G. INCLAN | 530 S767f | 33156 | 23 | 8 | Libros |
| LUIS G. INCLAN | LUIS G. INCLAN | 530 S767f | 23284 | 17 | 8 | Libros |
| LUIS G. INCLAN | LUIS G. INCLAN | 530 S767f | 29274 | 19 | 8 | Libros |
| LUIS G. INCLAN | LUIS G. INCLAN | 530 S767f | 28535 | 14 | 8 | Libros |
| LUIS G. INCLAN | LUIS G. INCLAN | 530 S767f | 29270 | 15 | 8 | Libros |
| LUIS G. INCLAN | LUIS G. INCLAN | 530 S767f | 29271 | 16 | 8 | Libros |
| LUIS G. INCLAN | LUIS G. INCLAN | 530 S767f | 29272 | 17 | 8 | Libros |
| LUIS G. INCLAN | LUIS G. INCLAN | 530 S767f | 29273 | 18 | 8 | Libros |
| LUIS G. INCLAN | LUIS G. INCLAN | 530 S767f | 25162 | 8 | Libros |
| LUIS G. INCLAN | LUIS G. INCLAN | 530 S767f | 28384 | 10 | 8 | Libros |
| LUIS G. INCLAN | LUIS G. INCLAN | 530 S767f | 28412 | 13 | 8 | Libros |
